Statistics for Stanley Cup Champions

Click here to take the quiz!

General Stats

  • This quiz has been taken 9 times
    (3 since last reset)
  • The average score is 32 of 105

Answer Stats

HintAnswer% Correct
2011Boston Bruins
100%
2019St. Louis Blues
100%
2021Tampa Bay Lightning
100%
2020Tampa Bay Lightning
100%
2018Washington Capitals
100%
2015Chicago Blackhawks
67%
2013Chicago Blackhawks
67%
1998Detroit Red Wings
67%
2008Detroit Red Wings
67%
2022
Colorado Avalanche
67%
2014Los Angeles Kings
67%
2003New Jersey Devils
67%
2016Pittsburgh Penguins
67%
2017Pittsburgh Penguins
67%
2023Vegas Golden Knights
67%
2007Anaheim Ducks
33%
1972Boston Bruins
33%
1970Boston Bruins
33%
1989Calgary Flames
33%
2006Carolina Hurricanes
33%
1961Chicago Black Hawks
33%
2010Chicago Blackhawks
33%
1996Colorado Avalanche
33%
2001Colorado Avalanche
33%
1999Dallas Stars
33%
1952Detroit Red Wings
33%
2002Detroit Red Wings
33%
1955Detroit Red Wings
33%
1954Detroit Red Wings
33%
1950Detroit Red Wings
33%
1997Detroit Red Wings
33%
1985Edmonton Oilers
33%
1984Edmonton Oilers
33%
1987Edmonton Oilers
33%
1988Edmonton Oilers
33%
1990Edmonton Oilers
33%
2012Los Angeles Kings
33%
1986Montreal Canadiens
33%
1966Montreal Canadiens
33%
1978Montreal Canadiens
33%
1977Montreal Canadiens
33%
1976Montreal Canadiens
33%
1973Montreal Canadiens
33%
1993Montreal Canadiens
33%
1971Montreal Canadiens
33%
1969Montreal Canadiens
33%
1979Montreal Canadiens
33%
1965Montreal Canadiens
33%
1959Montreal Canadiens
33%
1946Montreal Canadiens
33%
1953Montreal Canadiens
33%
1956Montreal Canadiens
33%
1957Montreal Canadiens
33%
1958Montreal Canadiens
33%
1968Montreal Canadiens
33%
1960Montreal Canadiens
33%
2000New Jersey Devils
33%
1995New Jersey Devils
33%
1983New York Islanders
33%
1981New York Islanders
33%
1980New York Islanders
33%
1982New York Islanders
33%
1994New York Rangers
33%
1975Philadelphia Flyers
33%
1974Philadelphia Flyers
33%
2009Pittsburgh Penguins
33%
1992Pittsburgh Penguins
33%
1991Pittsburgh Penguins
33%
2004Tampa Bay Lightning
33%
1963Toronto Maple Leafs
33%
1948Toronto Maple Leafs
33%
1967Toronto Maple Leafs
33%
1947Toronto Maple Leafs
33%
1949Toronto Maple Leafs
33%
1951Toronto Maple Leafs
33%
1962Toronto Maple Leafs
33%
1964Toronto Maple Leafs
33%
1929Boston Bruins
0%
1939Boston Bruins
0%
1941Boston Bruins
0%
1938Chicago Black Hawks
0%
1934Chicago Black Hawks
0%
1936Detroit Red Wings
0%
1943Detroit Red Wings
0%
1937Detroit Red Wings
0%
1930Montreal Canadiens
0%
1924Montreal Canadiens
0%
1931Montreal Canadiens
0%
1944Montreal Canadiens
0%
1926Montreal Maroons
0%
1935Montreal Maroons
0%
1928New York Rangers
0%
1940New York Rangers
0%
1933New York Rangers
0%
1927Ottawa Senators
0%
1923Ottawa Senators
0%
1921Ottawa Senators
0%
1920Ottawa Senators
0%
1917Seattle Metropolitans
0%
1918Toronto Arenas
0%
1942Toronto Maple Leafs
0%
1932Toronto Maple Leafs
0%
1945Toronto Maple Leafs
0%
1922Toronto St.Pats
0%
1925Victoria Cougars
0%

Score Distribution

Percentile by Number Answered

Percent of People with Each Score

Your Score History

You have not taken this quiz since the last reset